|
|
|
|
| LEADER |
00937nab#a2200337#ar4500 |
| 001 |
000103339 |
| 003 |
SVKKK |
| 005 |
20101213135332.0 |
| 008 |
050524c2009 xr e rom |
| FMT |
|
|
|
| 038 |
|
|
|a SVKKK
|
| 040 |
|
|
|a SVKKK
|b slo
|e AACR2
|
| 041 |
0 |
|
|a rom
|a slo
|
| 044 |
|
|
|a xr
|c CZ
|
| 080 |
|
|
|a 929 Rusová, Zlatica
|2 1997
|
| 080 |
|
|
|a 821.214.58
|x (437.6)
|2 1997
|
| 100 |
1 |
|
|a Rusová, Zlatica
|d 1951-
|4 aut
|
| 245 |
1 |
0 |
|a Ko o Roma sjam
|c Zlatica Rusová
|
| 246 |
3 |
1 |
|a Kto sme my, Cigáni
|
| 600 |
1 |
4 |
|a Rusová, Zlatica
|d 1951-
|x spisovateľka
|z Kameňany (Slovensko)
|
| 650 |
0 |
4 |
|a próza
|x literatúra rómska na Slovensku
|x texty
|
| 655 |
|
4 |
|a romiká
|
| 773 |
0 |
|
|t Romano džaniben
|x 1210-8545
|g Roč. 16, č. jevend (2009), s. 154-159
|
| 958 |
|
|
|a RQ
|
| 958 |
|
|
|a BX
|
| 974 |
|
|
|a Fav
|
| 992 |
|
|
|a RBX
|
| BAS |
|
|
|
| 856 |
4 |
1 |
|u http://www.dzaniben.cz/?m=SA&p=200903&i=20090210
|
| 852 |
|
|
|a SVKKK
|b BIB
|
| 998 |
|
|
|a ROM
|